000 02155nam a2200349 i 4500
003 DO-SdBNP
005 20250630100925.0
007 ta
008 220718e1991 dr aoc|gr|||| 001 edspa d
040 _aDO-SdBNP
_bspa
_cBNPHU
_erda
082 4 _a972.93053
_bG934ul 1991
_222
100 1 _914303
_aGuerrero, Miguel,
_d1945-
_eautor
245 1 4 _aLos últimos días de la Era de Trujillo /
_cMiguel Guerrero ; corrección Esther de Guerrero
250 _a3a edición
264 _aSanto Domingo :
_bEditora Corripio,
_c1991.
300 _a374 páginas :
_bilustraciones y retratos ;
_c23 cm.
336 _2rdacontent
_atexto
_btxt
337 _2rdamedia
_asin mediación
_bn
338 _2rdacarrier
_avolumen
_bnc
500 _aIncluye datos biográficos del autor en la solapa de la contracubierta.
500 _aIncluye índice de nombres.
504 _aBibliografía : p. 349-351.
505 _aIntroducción.
_gCapítulo 1.
_t!Cómo se mata a tirano¡ --
_gCapítulo 2.
_tAmiama e Imbert se esconden .--
_gCapítulo 3.
_tEn busca de una solución democrática.--
_gCapítulo 4.
_tBalaguer enfrenta su primera crisis.--
_gCapítulo 5.
_tLa conspiración de los coroneles.--
_gCapítulo 6.
_tUn periplo por el Caribe.--
_gCapítulo 7.
_tTrujillo sale de su tumba.--
_gCapítulo 8.
_tRamfis abandona el país.--
_gCapítulo 9.
_tUn ataque con bombas y cohetes.--
_gCapítulo 10.
_tEl exilio de Trujillo.--
_gCapítulo 11.
_tLa paz vuelve a San Isidro.--
_gCapítulo 12.
_tUn final luctuoso para una era de sangre.--
_gCapítulo 13.
_tCarajo, con lo grande que era ese hombre.--
_gCapítulo 14.
_tBalaguer y la Unión Cívica Nacional.--
_gCapítulo 15.
_t"La era de Trujillo ha terminado".--
_tEpílogo.--
_tÍndice de nombres.
534 _aEdición original
590 _aInventariado 2022 / MF
600 1 4 _aTrujillo Molina, Rafael Leónidas,
_d1891-1961
_982018
650 4 _aHomicidio político
_zRepública Dominicana
_911383
651 4 _aRepública Dominicana
_xPolítica y gobierno
_yEra de Trujillo, 1930-1961
651 0 _aRepública Dominicana
_xHistoria
_yEra de Trujillo, 1930-1961
_978796
910 _aMFeliz/Validado. Control de calidad MFF
942 _2ddc
_cLBS1
999 _c52182
_d52182